[Event "Anapa op"]
[Site "Anapa"]
[Date "2012.09.05"]
[Round "6"]
[White "Mingazov, Almaz"]
[Black "Schur, Alexander"]
[Result "0-1"]
[WhiteElo "1870"]
[BlackElo "2039"]
[PlyCount "104"]
[EventDate "2012.08.30"]
[EventType "swiss"]
[EventRounds "9"]
[EventCountry "RUS"]
[SourceTitle "CBM 150 Extra"]
[Source "ChessBase"]
[SourceDate "2012.10.19"]
[SourceVersion "1"]
[SourceVersionDate "2012.10.19"]
[SourceQuality "1"]

1. d4 d5 2. c4 dxc4 3. e3 e5 4. Bxc4 exd4 5. Nf3 Bb4+ 6. Bd2 Bxd2+ 7. Qxd2 Nf6 8. 0-0 0-0 9. Rd1 Bg4 10. Qe2 Nc6 11. h3 Bh5 12. g4 Bg6 13. Nc3 Qe7 14. Nxd4 Nxd4 15. Rxd4 Rad8 16. Rad1 Rxd4 17. Rxd4 c5 18. Rd2 h5 19. Nd5 Nxd5 20. Rxd5 Be4 21. Rd2 Qf6 22. Bd5 Bxd5 23. Rxd5 hxg4 24. hxg4 Qe6 25. Qd1 Qb6 26. b3 Qc7 27. Rd7 Qa5 28. Qd2 Qb6 29. Qd5 Qf6 30. Qf5 Qa6 31. g5 Qc6 32. e4 c4 33. e5 g6 34. Qg4 c3 35. Rd1 c2 36. Rc1 Rc8 37. Kh2 Kg7 38. Qf4 Rh8+ 39. Kg3 Rc8 40. f3 Kf8 41. Qd2 Ke7 42. Qb4+ Ke6 43. Qf4 Ke7 44. Qb4+ Ke8 45. Qf4 a5 46. Qd2 b6 47. Qe2 Ke7 48. e6 fxe6 49. Kg4 Qc5 50. f4 Qf5+ 51. Kg3 Rc3+ 52. Kg2 Qh3+ 0-1

[Event "Anapa op"]
[Site "Anapa"]
[Date "2012.09.04"]
[Round "5"]
[White "Schur, Alexander"]
[Black "Mumdgan, Suren"]
[Result "1/2-1/2"]
[WhiteElo "2039"]
[BlackElo "2193"]
[PlyCount "74"]
[EventDate "2012.08.30"]
[EventType "swiss"]
[EventRounds "9"]
[EventCountry "RUS"]
[SourceTitle "CBM 150 Extra"]
[Source "ChessBase"]
[SourceDate "2012.10.19"]
[SourceVersion "1"]
[SourceVersionDate "2012.10.19"]
[SourceQuality "1"]

1. c4 c5 2. Nc3 Nc6 3. g3 g6 4. Bg2 Bg7 5. Nf3 e6 6. e3 Nge7 7. d4 cxd4 8. Nxd4 0-0 9. 0-0 a6 10. Nde2 Qc7 11. Bd2 b6 12. Rc1 Bb7 13. e4 f5 14. Bf4 Ne5 15. b3 h6 16. h4 Kh7 17. Nd4 N7c6 18. Nxc6 Bxc6 19. Qe2 Qb7 20. f3 Nf7 21. exf5 gxf5 22. Be3 Rg8 23. Kh2 Bf6 24. Rf2 Rg7 25. Qf1 Rag8 26. Ne2 h5 27. Bh3 Ne5 28. Bd4 Rg6 29. Rc3 Qc7 30. f4 Nf7 31. Bxf6 Rxf6 32. Rc2 Rfg6 33. Nc3 Qd6 34. Qd1 Qc5 35. Qe1 b5 36. cxb5 axb5 37. Rfe2 Ra8 1/2-1/2

[Event "Anapa Zarembo Memorial"]
[Site "Anapa"]
[Date "2012.06.09"]
[Round "7"]
[White "Schur, Alexander"]
[Black "Stambulian, Kirakos"]
[Result "0-1"]
[WhiteElo "2039"]
[BlackElo "1539"]
[PlyCount "90"]
[EventDate "2012.06.01"]
[EventType "swiss"]
[EventRounds "9"]
[EventCountry "RUS"]
[SourceTitle "EXT 2014"]
[Source "ChessBase"]
[SourceDate "2013.11.20"]
[SourceVersion "1"]
[SourceVersionDate "2013.11.20"]
[SourceQuality "1"]

1. d4 Nf6 2. e3 d5 3. Bd3 e6 4. Nd2 Be7 5. c3 Nbd7 6. Ngf3 c5 7. 0-0 0-0 8. e4 dxe4 9. Nxe4 Nxe4 10. Bxe4 Nf6 11. Bc2 cxd4 12. Nxd4 Qc7 13. h3 b6 14. Qe2 Re8 15. Bg5 Nd5 16. Bxe7 Qxe7 17. Qe4 g6 18. Rfe1 Bb7 19. Qe5 Qf6 20. Nb5 Qxe5 21. Rxe5 Red8 22. Be4 a6 23. Nd4 Rab8 24. g3 Ne7 25. Bxb7 Rxb7 26. Rae1 Nd5 27. a4 Rc7 28. Ra1 Rc4 29. Nf3 Ne7 30. Re2 Nc6 31. Rd2 Rxd2 32. Nxd2 Rc5 33. Kf1 Ne5 34. Ke2 Kf8 35. Ne4 Rc6 36. Kd2 f5 37. Kc2 fxe4 38. Re1 Ke7 39. Rxe4 Nf7 40. h4 Nd6 41. Re3 b5 42. axb5 axb5 43. b3 Nf5 44. Re5 Kd6 45. Re1 Kd5 0-1

[Event "Anapa op-B"]
[Site "Anapa"]
[Date "2010.09.10"]
[Round "9"]
[White "Baraeva, Marina"]
[Black "Schur, Alexander"]
[Result "1-0"]
[WhiteElo "2098"]
[BlackElo "2038"]
[PlyCount "43"]
[EventDate "2010.08.31"]
[EventType "swiss"]
[EventRounds "9"]
[EventCountry "RUS"]
[SourceTitle "EXT 2013"]
[Source "ChessBase"]
[SourceDate "2012.11.22"]
[SourceVersion "1"]
[SourceVersionDate "2012.11.22"]
[SourceQuality "1"]

1. d4 Nf6 2. c4 e6 3. Nc3 d5 4. Nf3 Be7 5. Bg5 0-0 6. e3 Re8 7. Bd3 Nbd7 8. 0-0 b6 9. Qc2 h6 10. Bf4 c6 11. cxd5 exd5 12. Nb5 Bb7 13. Nc7 Nh5 14. Nxe8 Nxf4 15. exf4 Qxe8 16. Rfe1 Qd8 17. Ne5 Nb8 18. Bh7+ Kf8 19. Nxf7 Qc7 20. Nh8 Bf6 21. Qe2 Nd7 22. Ng6+ 1-0

[Event "Anapa op"]
[Site "Anapa"]
[Date "2009.09.01"]
[Round "2"]
[White "Schur, Alexander"]
[Black "Kajumov, Karim"]
[Result "1-0"]
[WhiteElo "2035"]
[BlackElo "1775"]
[PlyCount "88"]
[EventDate "2009.08.31"]
[EventType "swiss"]
[EventRounds "9"]
[EventCountry "RUS"]
[SourceTitle "CBM 132 Extra"]
[Source "ChessBase"]
[SourceDate "2009.11.03"]
[SourceVersion "1"]
[SourceVersionDate "2009.11.03"]
[SourceQuality "1"]

1. c4 Nf6 2. g3 c5 3. Bg2 Nc6 4. Nc3 d6 5. Nf3 g6 6. d4 cxd4 7. Nxd4 Nxd4 8. Qxd4 Bg7 9. 0-0 0-0 10. Qd3 Rb8 11. Rb1 a6 12. b3 Nd7 13. Bd2 Nc5 14. Qc2 b5 15. cxb5 axb5 16. Nd5 Bd7 17. Bc3 Bxc3 18. Qxc3 Bf5 19. Rbc1 Qd7 20. Qd4 Ne6 21. Qe3 Rfe8 22. h3 Nc5 23. b4 Na6 24. Kh2 Be6 25. Qf4 Bxd5 26. Bxd5 e5 27. Qd2 Rec8 28. Bb3 Nc7 29. Rfd1 Qf5 30. f3 Ne8 31. Qd5 Qd7 32. Rxc8 Rxc8 33. Qxe5 Rc1 34. Qd4 Rxd1 35. Bxd1 Qe6 36. Qd2 Ng7 37. Bb3 Qe5 38. e4 Nh5 39. Qe1 Qb2+ 40. Kg1 Qd4+ 41. Kh1 Qe5 42. f4 Qd4 43. e5 dxe5 44. fxe5 Qd3 1-0

[Event "Anapa op"]
[Site "Anapa"]
[Date "2008.09.06"]
[Round "7"]
[White "Schur, Alexander"]
[Black "Tchernyi, Viktor"]
[Result "0-1"]
[WhiteElo "2011"]
[BlackElo "2236"]
[PlyCount "48"]
[EventDate "2008.08.31"]
[EventType "swiss"]
[EventRounds "9"]
[EventCountry "RUS"]
[SourceTitle "EXT 2010"]
[Source "ChessBase"]
[SourceDate "2010.11.25"]
[SourceVersion "1"]
[SourceVersionDate "2010.11.25"]
[SourceQuality "1"]

1. c4 e5 2. Nc3 Nf6 3. Nf3 Nc6 4. Nd5 e4 5. Ng1 Bc5 6. e3 d6 7. d4 exd3 8. Bxd3 0-0 9. a3 Nxd5 10. cxd5 Ne5 11. Be2 Qg5 12. Kf1 Qg6 13. Nf3 Bd7 14. b4 Bb6 15. Bb2 Rae8 16. h3 f5 17. Nxe5 dxe5 18. Bh5 Qd6 19. Bxe8 Bxe8 20. a4 f4 21. e4 f3 22. gxf3 Qxb4 23. Ba3 Qc4+ 24. Qe2 Qxa4 0-1